AK’s General Knowledge A-Z #88 - Statistics

General Stats
  • This quiz has been taken 293 times
  • The average score is 15 of 26
Answer Stats
Hint Answer % Correct
C – slang for gonorrhea, or what you do with your hands after a performance Clap
96%
A – old in German, or ctrl+___+del Alt
94%
E – CEO is Chief ____ Officer Executive
88%
P – ____ Panther, an animated character or a diamond Pink
88%
W – in 1907, Finland became the first country to have _____ elected to Parliament Women
83%
B – sport named after the estate of the Duke of Beaufort (who introduced the racket game at a lawn-party) Badminton
80%
Y – country that came into existence after WWI in 1918 and dissolved in the early 90s Yugoslavia
77%
H – Etta James’s hit “Something's Got a ____ on Me” Hold
75%
K – precedes start, follows side Kick
70%
U – Tupac Shakur’s album _____ the End of Time Until
70%
Z – first name of Malik who left One Direction in 2015 Zayn
66%
S – not club, but a shovel Spade
65%
O – Wilbur Wright’s little brother, who died when Neil Armstrong was 17 years old Orville
62%
J – tried to return his 30 pieces of silver, ended up throwing them away and committing suicide Judas
60%
M – ____ Man (video game with treacherous Dr. Wily), or a prefix meaning “large” used in taxonomy Mega
59%
I – American TV magic show Masters of ________ Illusion
56%
G – mother of Liza Minnelli; played Dorothy in The Wizard of Oz Judy Garland
56%
Q – QPR is ______ ____ Rangers Queens Park
44%
T – 2020 spy film by Christopher Nolan where things can move forwards or backwards in time; the title is (fittingly) a palindrome Tenet
41%
F – capital city of Kentucky Frankfort
39%
R – vehicle propelled by a reaction gas engine, or a leaf vegetable (“rucola” in Italian) Rocket
33%
D – book whose original version starts: “Zondag, 14 juni 1942. Vridag 12 juni was ik al om 6 uur ...” The Diary of Anne Frank
31%
L – Eugène Delacroix’s painting Liberty _______ the People, commemorating the July Revolution of 1830 Leading
17%
V – fictional country Val _____; the missing word is also in the name of a real country in Africa Verde
16%
X – American cable provider (before 2010 known as Comcast) Xfinity
16%
N – island with the highest elevation New Guinea
8%
No matching quizzes found
Score Distribution
Percent of People with Each Score
Percentile by Number Answered
Your Score History
You have not taken this quiz